Fr. Conceicao Rodrigues College of Engineering

Industrial and Power electronics (Record no. 18517)

MARC details
000 -LEADER
fixed length control field 00392nam a2200169Ia 4500
082 ## - DEWEY DECIMAL CLASSIFICATION NUMBER
Classification number 621.317
Item number SHI
100 ## - MAIN ENTRY--PERSONAL NAME
Personal name Shingare/Deodatta
250 ## - EDITION STATEMENT
Edition statement 5
245 ## - TITLE STATEMENT
Title Industrial and Power electronics
260 ## - PUBLICATION, DISTRIBUTION, ETC.
Name of publisher, distributor, etc. Electrotech publication
Date of publication, distribution, etc. 2012
366 ## - TRADE AVAILABILITY INFORMATION
Publishers's discount category 25
546 ## - LANGUAGE NOTE
Language note ENGLISH
-- PAMPHALETS
650 ## - SUBJECT ADDED ENTRY--TOPICAL TERM
Topical term or geographic name entry element Power electronics
654 ## - SUBJECT ADDED ENTRY--FACETED TOPICAL TERMS
Focus term power electronics
942 ## - ADDED ENTRY ELEMENTS (KOHA)
Koha item type BOOK
Holdings
Withdrawn status Lost status Damaged status Not for loan Collection Home library Current library Date acquired Source of acquisition Cost, normal purchase price Inventory number Total Checkouts Full call number Barcode Date last seen Cost, replacement price Price effective from Koha item type
        CRC Fr. Agnel's C.Rodrigues College of Engineering Fr. Agnel's C.Rodrigues College of Engineering 17/03/2023 Electro Tech Publication 251.25 514 dt 08.08.2013   621.317 SHI 22947 17/03/2023 335.00   BOOK